000 00556nam a2200205Ia 4500
005 20230911121658.0
008 131103s9999 xx 000 0 und d
020 _a90980301
040 _aLoreto College
041 _aEnglish
082 _aF
_bKOE
100 _aKoestler,Arthur
245 4 _aThe Invisible Writing
_b The Second Volume of an autobiography : 1932 - 40
_cArthur Koestler
250 _aThe Danube Edition
260 _aLondon
_bHutchinson
_c1954
300 _a526 p.
650 _aFiction in English
850 _aLCLIB
942 _cBK
999 _c17209
_d67688